| 000 | 00870cam a22002411 4500 | ||
|---|---|---|---|
| 001 | ne 64001769 | ||
| 003 | DLC | ||
| 005 | 20260227111802.0 | ||
| 008 | 890531s1962 ua 000 0 ara | ||
| 010 | _ane 64001769 | ||
| 035 | _a(OCoLC)19792279 | ||
| 040 |
_aDLC _cWaU _dWaU _dDLC |
||
| 042 | _apremarc | ||
| 050 | 0 | 0 |
_aKBP2035 _b.A28 1962 |
| 100 | 2 | _aAbū al-Majd, Aḥmad Kamāl. | |
| 245 | 1 | 0 |
_aNaẓarāt ḥawla al-fiqh al-dustūrī fī al-Islām, _cmuḥāḍarat Aḥmad Kamāl Abū al-Majd lil-Mawsim al-Rābiʻ lil-muḥāḍarāt al-ʻāmmah, 1381-1962. |
| 260 |
_a[al-Qāhirah] _bMaṭbaʻat al-Azhar, _c1962. |
||
| 300 |
_a28 p. _c24 cm. |
||
| 490 | 0 | _aMaṭbūʻāt al-Idārah al-ʻĀmmah lil-Thaqāfah al-Islāmīyah bi-al-Azhar | |
| 500 | _aCover title. | ||
| 650 | 0 | _aConstitutional law (Islamic law) | |
| 650 | 0 | _aAdvisory opinions (Islamic law) | |
| 999 |
_c47226 _d47226 |
||